BIBLIOTHÈQUE DE LA MAISON DU MEXIQUE

Logo 1 Logo 2

Relación breve de la venida de los de la compañía de Jesús a la Nueva España (notice nᵒ 12393)

détails MARC
000 -Sello discográfico
campo de control de longitud fija 00956nam a2200265 4500
005 - Identificación de versión
campo de control 20251016083328.0
035 ## - Otros números de control del sistema
Número de control del sistema 7461
099 ## - fechas locales
Tipo de ítem Koha LIBRO
100 ## - Datos de procesamiento general
Datos de procesamiento general 19930801d1945 m y1spay5003 ba
105 ## - Campo de datos codificados: Material textual, monográfico
Datos codificados de monografía a 001zy
200 1# - Título y mención de responsabilidad
Título propio Relación breve de la venida de los de la compañía de Jesús a la Nueva España
Designación general del material texto impreso
Otra información del título año de 1602 : Manuscrito anónimo del Archivo Histórico de la Secretaría de Hacienda
Primer mención de responsabilidad Versión paleográfica del original, prólogo, notas y adiciones por Francisco González de Cossío
210 ## - Publicación, distribución, etc.
Lugar de publicación, distribución, etc. México
Nombre del editor, distribuidor, etc. Imprenta Universitaria
Fecha de publicación, distribución, etc. 1945
215 ## - Descripción física
Designación de material específico y extensión del ítem 122 p
Otras características físicas il.
Dimensiones 24 cm
345 ## - Nota de información de adquisición
Fuente de adquisición/dirección de la suscripción [OBSOLETO] Donación
606 ## - Término temático usado como materia
Elemento de entrada Jesuitas en México
Número Koha 964
660 ## - Código de área geográfica
Código MX
702 ## - Nombre personal - Responsabilidad secundaria
Elemento de entrada González de Cossío
Parte del nombre distinta del elemento de entrada Francisco
Fechas 1841-1910
Número Koha 5734
801 #0 - Fuente de origen
Agencia cm
900 ## -
-- 1/9221
900 ## -
-- 710934881\\010893
942 ## - ELEMENTOS DE ENTRADA SECUNDARIOS (KOHA)
Tipo de ítem Koha Livre
996 ## -
-- MEX
-- 751145101
-- MMAG
-- 005073
-- 255.5 G64R
-- 20210608LIV
Exemplaires
Estatus retirado Estado de daño Estado de pérdida Fecha de adquisición Biblioteca de origen Biblioteca actual Ubicación en estantería Código de barras Precio de reemplazo Signatura topográfica completa No para préstamo Tipo de ítem Koha Nota pública Nota no pública
      05/08/2025 Casa México Paris Casa México Paris   005073 05/08/2025 255.5 G64R   Livre 20210608LIV 751145101